Primeros auxilios: en espera del médico
Збережено в:
| Автори: | , |
|---|---|
| Формат: | Книга |
| Мова: | Іспанська |
| Опубліковано: |
Barcelona
Ríonegro
1984
|
| Серія: | Serie Manuales Prácticos
|
| Предмети: | |
| Теги: |
Додати тег
Немає тегів, Будьте першим, хто поставить тег для цього запису!
|
MARC
| LEADER | 00000nam a2200000 a 4500 | ||
|---|---|---|---|
| 001 | UCW3815 | ||
| 003 | CL-VaPUC | ||
| 008 | 890411e19840000SP |||||||||||||||||spa|d | ||
| 082 | 0 | 4 | |a 616.0252 |b HER |2 21 |
| 100 | 0 | |a Hernández, Victorino |e author |9 308208 | |
| 700 | 0 | |a Fontecillas, Javier |e author |9 308209 | |
| 245 | 1 | 0 | |a Primeros auxilios: en espera del médico |
| 300 | |a 95 p | ||
| 942 | |c BK | ||
| 945 | |d 19890411 00:00:00 | ||
| 260 | |a Barcelona |b Ríonegro |c 1984 | ||
| 650 | 0 | |a Primeros auxilios |9 308210 | |
| 583 | |a last modification |c 19890411 00:00:00 |k Rodrigo Vera | ||
| 490 | 0 | |a Serie Manuales Prácticos | |
| 999 | |c 217701 |d 217699 | ||
| 952 | |0 0 |1 0 |4 0 |6 616_025200000000000_HER_1984 |7 0 |8 P |9 205798 |a BIBEDU |b BIBEDU |c BIBEDU_PB |d 2019-11-15 |i 2737388 |o 616.0252 HER 1984 |p 2737388 |r 2019-11-15 |w 2019-11-15 |y BK |k EDU | ||